[Event "Padova op-B 15th"]
[Site "Padova"]
[Date "2012.12.23"]
[Round "6"]
[White "Bellon, Antonio"]
[Black "Simongini, Giacomo"]
[Result "0-1"]
[WhiteElo "1668"]
[BlackElo "1748"]
[PlyCount "55"]
[EventDate "2012.12.15"]
[EventType "swiss"]
[EventRounds "6"]
[EventCountry "ITA"]
[SourceTitle "EXT 2015"]
[Source "ChessBase"]
[SourceDate "2014.11.20"]
[SourceVersion "1"]
[SourceVersionDate "2014.11.20"]
[SourceQuality "1"]

1. e4 c5 2. g3 g6 3. f4 Bg7 4. Nf3 Nc6 5. Bg2 d6 6. 0-0 Qb6 7. c3 Nf6 8. Qc2 Bd7 9. d3 Rc8 10. h3 0-0 11. Be3 Qa6 12. Nbd2 b5 13. d4 cxd4 14. Nxd4 Rc7 15. Qd3 Na5 16. a4 Rb8 17. b4 Nc4 18. axb5 Qc8 19. Nxc4 Rxc4 20. Nc6 Rxc6 21. bxc6 Bxc6 22. Rxa7 Bb5 23. Qc2 Bxf1 24. Bxf1 Kf8 25. b5 Nd7 26. c4 Ke8 27. Qa4 Nc5 28. b6+ 0-1

[Event "EU-ch U16 19th"]
[Site "Fermo"]
[Date "2009.09.01"]
[Round "2"]
[White "Simongini, Giacomo"]
[Black "Immonen, Vihtori"]
[Result "0-1"]
[WhiteElo "1823"]
[BlackElo "1872"]
[PlyCount "52"]
[EventDate "2009.08.31"]
[EventType "swiss"]
[EventRounds "9"]
[EventCountry "ITA"]
[SourceTitle "CBM 132 Extra"]
[Source "ChessBase"]
[SourceDate "2009.11.03"]
[SourceVersion "1"]
[SourceVersionDate "2009.11.03"]
[SourceQuality "1"]

1. e4 c5 2. Nc3 Nc6 3. f4 g6 4. d3 Bg7 5. Nf3 d6 6. Be3 e6 7. Be2 Nge7 8. Qd2 0-0 9. h4 Qa5 10. h5 d5 11. hxg6 d4 12. gxh7+ Kh8 13. e5 dxe3 14. Qxe3 Nf5 15. Qf2 Ncd4 16. g4 Nxf3+ 17. Bxf3 Nd4 18. Be4 Rb8 19. Rh5 b5 20. f5 exf5 21. gxf5 f6 22. e6 Bb7 23. Rh4 b4 24. Bxb7 bxc3 25. b4 Qxb4 26. Bd5 Qb1+ 0-1

[Event "ITA-ch U16"]
[Site "Courmayeur"]
[Date "2009.06.29"]
[Round "1"]
[White "Stella, Andrea"]
[Black "Simongini, Giacomo"]
[Result "1-0"]
[WhiteElo "2276"]
[BlackElo "1566"]
[PlyCount "51"]
[EventDate "2009.06.29"]
[EventType "swiss"]
[EventRounds "9"]
[EventCountry "ITA"]
[SourceTitle "EXT 2012"]
[Source "ChessBase"]
[SourceDate "2011.11.24"]
[SourceVersion "1"]
[SourceVersionDate "2011.11.24"]
[SourceQuality "1"]

1. e4 e6 2. Nf3 d5 3. Nc3 Bb4 4. e5 c5 5. Nb5 Nc6 6. a3 Ba5 7. Nd6+ Kf8 8. Nxc8 Rxc8 9. c3 a6 10. b4 Bc7 11. d4 cxd4 12. cxd4 b5 13. Bd3 Nge7 14. Be3 a5 15. 0-0 axb4 16. axb4 Nxb4 17. Bxb5 Bb6 18. Rc1 h6 19. Qa4 Ba5 20. Rxc8 Nxc8 21. Ra1 Ke7 22. Bd2 f6 23. Qxa5 Nc2 24. Rc1 Qxa5 25. Bxa5 Na3 26. Rc7+ 1-0